00395nam a22001457a 4500003000400000020001800004082001800022100002400040245006700064250000800131260005800139300000800197650002200205653002200227SGT a9789387085824 a617.966bM90B aBennett, C. Richard aMonheim's Local Anesthesia and pain control in Dental practice a7th aNew Delhi, IndiabCBS Publishers & Distributersc1990 a404 aLocal Anesthesia  aLocal Anesthesia